Big Data : A Primer

Ebook from Proquest

সংরক্ষণ করুন:
গ্রন্থ-পঞ্জীর বিবরন
প্রধান লেখক: Mohanty, Hrushikesha
অন্যান্য লেখক: Bhuyan, Prachet
বিন্যাস: গ্রন্থ
ভাষা:Undetermined
প্রকাশিত: Springer (India) Private Limited 2015
বিষয়গুলি:
অনলাইন ব্যবহার করুন:http://lrc.tdmu.edu.vn/opac/search/detail.asp?aID=2&ID=41949
ট্যাগগুলো: ট্যাগ যুক্ত করুন
কোনো ট্যাগ নেই, প্রথমজন হিসাবে ট্যাগ করুন!
Thư viện lưu trữ: Trung tâm Học liệu Trường Đại học Thủ Dầu Một
LEADER 00751nam a2200193Ia 4500
001 TDMU_41949
008 210410s9999 xx 000 0 und d
082 |a 895.92221 009 
100 |a Mohanty, Hrushikesha 
245 0 |a Big Data : A Primer 
245 0 |c Hrushikesha Mohanty, Prachet Bhuyan, Deepak Chenthati 
260 |a Springer (India) Private Limited 
260 |c 2015 
300 |a 195Pages 
520 |a Ebook from Proquest 
650 |a Computers  |x Databases  |x Data Mining; Computer  |x System Administration  |x Storage & Retrieval; Tin học  |x Dữ liệu máy tính 
700 |a Bhuyan, Prachet 
856 |u http://lrc.tdmu.edu.vn/opac/search/detail.asp?aID=2&ID=41949 
980 |a Trung tâm Học liệu Trường Đại học Thủ Dầu Một